=LDR 00000nam 2200000 4500 =001 NUTBA000000000005597 =005 20201105091256 =035 ##$$a 0010-111400000000076 =008 201105################g##########0#ind## =020 ##$$a 979-461-086-0 =082 ##$$a 320.17 =090 ##$$a 320.14 Sat m =100 ##$$a Soto, Hernando De =245 1#$$a Masih ada jalan lain : $b Revolusi tersembunyi di negara dunia ketiga /$c Hernando De Soto, Penerjemah: Masri Maris =250 ##$$a pertama =260 ##$$a Jakarta :$b Yayasan Obor Indonesia,$c 1991 =300 ##$$a vii, 344 hlm : $b Ilus ; $c 21 x 14 cm =850 ##$$aNBPNMAT =084 ##$$a 320.17 SOT m =650 #4$$a Negara sedang berkembang =504 ##$$a Indeks: halaman 336-341 =990 ##$$a 55.080/pro.93 =990 ##$$a 55.083/pro.93